Centroamérica: la crisis sin fin

Shranjeno v:
Bibliografske podrobnosti
Glavni avtor: Aguilera Peralta, Gabriel
Format: Texto
Izdano: Tegucigalpa: UNAH
Oznake: Označite
Brez oznak, prvi označite!

MARC

LEADER 00000 a a2200000 04500
001 23656
003
040
090 |a 165500  
100 |a Aguilera Peralta, Gabriel  
245 |a Centroamérica: la crisis sin fin  
260 |a Tegucigalpa:   |b UNAH  
300 |a 20 p.  
999 |c 9690  |d 9690